[Event "Santa Rosa op 3rd"]
[Site "Santa Rosa"]
[Date "2018.07.07"]
[Round "1.4"]
[White "Mavrich, Leandro"]
[Black "Garcia Pochettino, Ignacio"]
[Result "1-0"]
[WhiteElo "2215"]
[BlackElo "1707"]
[PlyCount "115"]
[EventDate "2018.07.07"]
[EventType "swiss"]
[EventRounds "6"]
[EventCountry "ARG"]
[SourceTitle "EXT 2024"]
[Source "ChessBase"]
[SourceDate "2023.10.10"]
[SourceVersion "1"]
[SourceVersionDate "2023.10.10"]
[SourceQuality "1"]

1. Nf3 Nf6 2. b3 g6 3. Bb2 Bg7 4. e4 d6 5. Bb5+ Bd7 6. Bxd7+ Nbxd7 7. 0-0 0-0 8. Re1 e5 9. d4 Re8 10. dxe5 dxe5 11. Nbd2 b5 12. Qe2 a6 13. Red1 Qb8 14. Ne1 Nc5 15. f3 Qb6 16. Qf2 Nfd7 17. Nf1 Bf8 18. Bc1 Qe6 19. Be3 Nb7 20. Nd3 c5 21. Nb2 Nb6 22. a4 bxa4 23. Nxa4 Nxa4 24. Rxa4 Rec8 25. Nd2 Rd8 26. Rda1 Rd6 27. Nc4 Rc6 28. Qd2 Rd8 29. Qc3 Bg7 30. Na5 Nxa5 31. Qxa5 Rdc8 32. Rc4 Bf8 33. Qd2 Rd6 34. Qc3 Rdc6 35. Rd1 Bd6 36. Rd5 Qe7 37. Ra4 h5 38. Qc4 Ra8 39. Ra5 Qc7 40. Ra1 a5 41. Bd2 Rca6 42. Bc3 Kf8 43. Ra4 Ke7 44. f4 f6 45. f5 g5 46. Qe2 Qb6 47. Kf1 Rh8 48. Qd2 Qb5+ 49. Kg1 Bc7 50. Bb2 Bb6 51. Bxe5 fxe5 52. Qxg5+ Kf7 53. Qg6+ Kf8 54. Qf6+ Kg8 55. Qe6+ Kf8 56. Rd7 c4+ 57. Kh1 Qxd7 58. Qxd7 1-0

[Event "Lizarraga Memorial op"]
[Site "Argentina"]
[Date "2017.07.08"]
[Round "2.5"]
[White "Lescano, Tomas"]
[Black "Mavrich, Leandro"]
[Result "0-1"]
[WhiteElo "1796"]
[BlackElo "2192"]
[PlyCount "78"]
[EventDate "2017.07.08"]
[EventType "swiss"]
[EventRounds "6"]
[EventCountry "ARG"]
[SourceTitle "EXT 2024"]
[Source "ChessBase"]
[SourceDate "2023.10.10"]
[SourceVersion "1"]
[SourceVersionDate "2023.10.10"]
[SourceQuality "1"]

1. d4 Nf6 2. Nf3 b6 3. Bf4 Bb7 4. e3 e6 5. Be2 Be7 6. h3 0-0 7. 0-0 d6 8. c3 c5 9. Nbd2 Nc6 10. a4 Rc8 11. Nc4 cxd4 12. exd4 Ba6 13. Ncd2 Bxe2 14. Qxe2 Qd7 15. Nc4 Rfd8 16. a5 b5 17. Na3 a6 18. b4 Nd5 19. Bd2 Bf6 20. Rab1 Nce7 21. Rfc1 Qa7 22. Nh2 g6 23. Qf3 Bg7 24. Ng4 Nf5 25. Ne3 Nfe7 26. Ng4 Nf5 27. Ne3 Nde7 28. Nac2 e5 29. Nxf5 Nxf5 30. Ne3 Ne7 31. Ng4 f5 32. Nh6+ Kf8 33. g4 Qd7 34. Be3 Qe6 35. Bg5 e4 36. Bxe7+ Qxe7 37. Qf4 Bf6 38. Qg3 Bg5 39. gxf5 Bxh6 0-1

[Event "Neuquen Patagonia op 1st"]
[Site "Neuquen"]
[Date "2015.11.24"]
[Round "5"]
[White "Flores, Diego"]
[Black "Mavrich, Leandro"]
[Result "1-0"]
[WhiteElo "2586"]
[BlackElo "2209"]
[PlyCount "115"]
[EventDate "2015.11.21"]
[EventType "swiss"]
[EventRounds "9"]
[EventCountry "ARG"]
[SourceTitle "CBM 169 Extra"]
[Source "ChessBase"]
[SourceDate "2015.12.18"]
[SourceVersion "1"]
[SourceVersionDate "2015.12.18"]
[SourceQuality "1"]

1. c4 Nf6 2. Nc3 d5 3. cxd5 Nxd5 4. g3 Nxc3 5. bxc3 g6 6. Bg2 Bg7 7. Rb1 0-0 8. h4 Nc6 9. h5 Ne5 10. hxg6 hxg6 11. Rb4 c5 12. Rbh4 c4 13. Nf3 Nxf3+ 14. Bxf3 Be6 15. Qc2 Qa5 16. Qe4 Rfd8 17. Kf1 Rac8 18. Rh7 Qg5 19. Qxb7 Rb8 20. Qc7 Qe5 21. Rxg7+ Qxg7 22. Kg2 Rbc8 23. Qxe7 Bd5 24. Bxd5 Rxd5 25. Qxa7 Rdd8 26. Ba3 Qe5 27. Qe7 Re8 28. Qh4 Qe4+ 29. Qxe4 Rxe4 30. Kf3 Re6 31. Bb4 Rf6+ 32. Kg2 Rd8 33. Bc5 Rc6 34. Ba7 Ra8 35. Bd4 f6 36. g4 Rxa2 37. Be3 Rd6 38. Kf3 Kf7 39. Rh7+ Ke6 40. Rc7 Ra4 41. Bd4 f5 42. Kf4 Ra2 43. Be3 fxg4 44. Rxc4 Rdxd2 45. Bxd2 Rxd2 46. Re4+ Kf6 47. Kxg4 Rc2 48. Re3 g5 49. f3 Rc1 50. Kg3 Kf5 51. Rd3 Rc2 52. e4+ Ke6 53. Rd5 Kf6 54. c4 Rxc4 55. Kg4 Rc1 56. Rf5+ Kg6 57. Rxg5+ Kf6 58. Ra5 1-0

[Event "ARG-ch sf 83rd"]
[Site "Buenos Aires"]
[Date "2008.07.26"]
[Round "7"]
[White "Gallego, Gonzalo"]
[Black "Mavrich, Leandro"]
[Result "1-0"]
[WhiteElo "2070"]
[BlackElo "2192"]
[PlyCount "61"]
[EventDate "2008.07.21"]
[EventType "swiss"]
[EventRounds "9"]
[EventCountry "ARG"]
[SourceTitle "CBM 125 Extra"]
[Source "ChessBase"]
[SourceDate "2008.09.01"]
[SourceVersion "1"]
[SourceVersionDate "2008.09.01"]
[SourceQuality "1"]

1. e4 c5 2. Nf3 d6 3. Bb5+ Bd7 4. Bxd7+ Qxd7 5. c4 Qg4 6. 0-0 Qxe4 7. d4 cxd4 8. Nxd4 b6 9. Re1 Qb7 10. Nb5 Kd8 11. N1c3 a6 12. Nd4 Nf6 13. Bg5 Nbd7 14. Qe2 e6 15. Rad1 Rc8 16. a4 Rc5 17. Ne4 Rc8 18. b4 h6 19. Bh4 g5 20. Nxf6 Nxf6 21. Bg3 Qd7 22. b5 Be7 23. Nc6+ Rxc6 24. bxc6 Qxc6 25. Qb2 Ke8 26. Bxd6 Bxd6 27. Qxf6 Rh7 28. Rd3 Be7 29. Qe5 Kf8 30. Red1 Qxc4 31. Rc3 1-0

[Event "ARG-ch sf 83rd"]
[Site "Buenos Aires"]
[Date "2008.07.24"]
[Round "4"]
[White "Mavrich, Leandro"]
[Black "Mahia, Gustavo"]
[Result "0-1"]
[WhiteElo "2192"]
[BlackElo "2441"]
[PlyCount "108"]
[EventDate "2008.07.21"]
[EventType "swiss"]
[EventRounds "9"]
[EventCountry "ARG"]
[SourceTitle "CBM 125 Extra"]
[Source "ChessBase"]
[SourceDate "2008.09.01"]
[SourceVersion "1"]
[SourceVersionDate "2008.09.01"]
[SourceQuality "1"]

1. e4 e6 2. d3 d5 3. Nd2 c5 4. g3 Nc6 5. Bg2 Nf6 6. Ngf3 Be7 7. 0-0 0-0 8. Re1 Qc7 9. c3 b6 10. e5 Nd7 11. Qe2 a5 12. Nf1 b5 13. h4 b4 14. Bg5 bxc3 15. bxc3 Ba6 16. N1h2 Rfd8 17. Bxe7 Nxe7 18. Rad1 a4 19. Bh3 a3 20. Ng5 h6 21. Nxf7 Kxf7 22. Bxe6+ Kxe6 23. Qg4+ Kf7 24. e6+ Kg8 25. exd7 Qd6 26. Nf3 Rf8 27. d4 cxd4 28. Nxd4 Rf7 29. Qe6 Qxe6 30. Rxe6 Bc4 31. Rde1 Rd8 32. Rxe7 Rxd7 33. Re8+ Rf8 34. Nc2 Ra7 35. Rxf8+ Kxf8 36. Nb4 Kf7 37. g4 Rb7 38. Rd1 Ke6 39. Kg2 Kd6 40. Kg3 Kc5 41. g5 hxg5 42. hxg5 g6 43. Re1 Rxb4 44. cxb4+ Kxb4 45. Rb1+ Kc3 46. Rb6 Bxa2 47. Rxg6 Bc4 48. Rg7 a2 49. Ra7 d4 50. g6 d3 51. g7 d2 52. Rc7 d1Q 53. Rxc4+ Kd3 54. Rg4 Qxg4+ 0-1

[Event "Pereyra Puebla Memorial 06th"]
[Site "Mendoza"]
[Date "2007.12.21"]
[Round "8"]
[White "Rodriguez Vila, Andres"]
[Black "Mavrich, Leandro"]
[Result "1-0"]
[WhiteElo "2541"]
[BlackElo "2205"]
[PlyCount "62"]
[EventDate "2007.12.14"]
[EventType "swiss"]
[EventRounds "9"]
[EventCountry "ARG"]
[SourceTitle "CBM 121 Extra"]
[Source "ChessBase"]
[SourceDate "2008.01.10"]
[SourceVersion "1"]
[SourceVersionDate "2008.01.10"]
[SourceQuality "1"]

1. e4 c5 2. Nc3 Nc6 3. Nge2 d6 4. d4 cxd4 5. Nxd4 e6 6. Be3 Nf6 7. f3 a6 8. g4 Qc7 9. Qe2 b5 10. 0-0-0 Bb7 11. h4 0-0-0 12. Kb1 Nd7 13. a4 bxa4 14. Nxa4 Nc5 15. Nxc6 Qxc6 16. Nxc5 dxc5 17. Rxd8+ Kxd8 18. Qd2+ Qd6 19. Qa5+ Kc8 20. Be2 Be7 21. Qc3 Bf6 22. Qxc5+ Qxc5 23. Bxc5 Rd8 24. Be3 Rd7 25. c3 Be5 26. Kc2 f5 27. exf5 exf5 28. gxf5 Rf7 29. Bc4 Bxf3 30. Re1 Rc7 31. Bxa6+ Kb8 1-0

[Event "Villa Martelli Pro Am op 14th"]
[Site "Villa Martelli"]
[Date "2007.10.11"]
[Round "2"]
[White "Mavrich, Leandro"]
[Black "Rodriguez Vila, Andres"]
[Result "0-1"]
[WhiteElo "2181"]
[BlackElo "2547"]
[PlyCount "34"]
[EventDate "2007.10.18"]
[EventType "swiss"]
[EventRounds "9"]
[EventCountry "ARG"]
[SourceTitle "EXT 2008"]
[Source "ChessBase"]
[SourceDate "2007.11.25"]
[SourceVersion "1"]
[SourceVersionDate "2007.11.25"]
[SourceQuality "1"]

1. e4 d6 2. d4 g6 3. Nc3 a6 4. a4 b6 5. Bc4 e6 6. h4 h6 7. Be3 Nf6 8. f3 d5 9. exd5 exd5 10. Bd3 Bd6 11. Nge2 c5 12. b3 Nc6 13. Qd2 Qe7 14. 0-0-0 c4 15. Nxd5 Nxd5 16. Be4 Bb4 17. c3 Na5 0-1

[Event "ARG-ch U18"]
[Site "Villa Carlos Paz"]
[Date "2004.09.02"]
[Round "2"]
[White "Fedrizzi, Alan"]
[Black "Mavrich, Leandro"]
[Result "0-1"]
[WhiteElo "2048"]
[BlackElo "2091"]
[PlyCount "102"]
[EventDate "2004.09.01"]
[EventType "swiss"]
[EventRounds "7"]
[EventCountry "ARG"]
[SourceTitle "CBM 102 Extra"]
[Source "ChessBase"]
[SourceDate "2004.11.03"]
[SourceVersion "1"]
[SourceVersionDate "2004.11.03"]
[SourceQuality "1"]

1. e4 c5 2. Nf3 d6 3. d4 cxd4 4. c3 Nf6 5. Bc4 Nxe4 6. Qxd4 Nf6 7. 0-0 Nc6 8. Qh4 Bf5 9. Re1 e6 10. Qf4 Be7 11. Bb5 Rc8 12. Qa4 Qd7 13. Nd4 Bg6 14. Na3 0-0 15. Be3 Qc7 16. Rad1 Nd5 17. Bc1 Nb6 18. Qb3 d5 19. Bd3 a6 20. g3 Na5 21. Qc2 Bxa3 22. Bxg6 hxg6 23. bxa3 Rfe8 24. Qb1 Nd7 25. Ne2 Ne5 26. Kg2 Nac4 27. h4 b5 28. Rh1 Qe7 29. h5 Qf6 30. f4 Ng4 31. Qd3 Qf5 32. hxg6 fxg6 33. Qf3 Nf6 34. Nd4 Qe4 35. Rhe1 Qxf3+ 36. Nxf3 Ne4 37. Rd3 Nc5 38. Rdd1 Ne4 39. Rd3 Rc7 40. Nd4 Kf7 41. Rf1 Nb6 42. Nf3 Rxc3 43. Ne5+ Kg8 44. Rxc3 Nxc3 45. Nxg6 Nxa2 46. Be3 Nc4 47. Bd4 b4 48. axb4 Nxb4 49. g4 Nc2 50. Rb1 Nxd4 51. g5 Nf5 0-1

[Event "ARG-ch U18"]
[Site "Villa Carlos Paz"]
[Date "2004.09.02"]
[Round "3"]
[White "Mavrich, Leandro"]
[Black "Sanduay, Nicolas"]
[Result "1/2-1/2"]
[WhiteElo "2091"]
[BlackElo "1847"]
[PlyCount "55"]
[EventDate "2004.09.01"]
[EventType "swiss"]
[EventRounds "7"]
[EventCountry "ARG"]
[SourceTitle "CBM 102 Extra"]
[Source "ChessBase"]
[SourceDate "2004.11.03"]
[SourceVersion "1"]
[SourceVersionDate "2004.11.03"]
[SourceQuality "1"]

1. Nf3 Nf6 2. g3 g6 3. Bg2 Bg7 4. d3 d5 5. Nbd2 0-0 6. e4 c6 7. 0-0 dxe4 8. dxe4 Nbd7 9. e5 Nd5 10. e6 fxe6 11. Qe2 e5 12. Nc4 Qc7 13. Re1 e4 14. Qxe4 Nc5 15. Qe2 Re8 16. Ne3 e5 17. Ng5 Rd8 18. Rd1 h6 19. Nxd5 cxd5 20. Bxd5+ Rxd5 21. Rxd5 hxg5 22. Bxg5 Be6 23. Rd2 Rf8 24. Rad1 Qc6 25. Rd6 Qc8 26. Rd8 Qc7 27. Rxf8+ Bxf8 28. Rd8 1/2-1/2